| 000 | 00597nam a2200205Ia 4500 | ||
|---|---|---|---|
| 003 | GCL | ||
| 008 | 140319s9999 xx 000 0 ara d | ||
| 020 | _a5026221977 | ||
| 040 |
_aGCL / _cGCL |
||
| 082 | 0 | 4 |
_aط _b813.01 _bا ح |
| 100 | 1 | _aعلى فكرى | |
| 245 | 1 | 0 |
_aحكايتنا كلنا : عند الطبيب / _cعلى فكرى |
| 700 | 1 | _aامل عفيفى | |
| 260 |
_aالقاهرة : _bمشارق ، _c2006 |
||
| 300 |
_a20 ص ؛ _c24 سم |
||
| 490 |
_aحكايتنا كلنا _v0 |
||
| 650 | 0 | 4 | _aالقصص القصيرة |
| 650 | 0 | 4 | _aقصص الاطفال |
| 942 |
_2ddc _cBK |
||
| 999 |
_c9180 _d9180 |
||